000
00286nam a22001337a 4500
008
171101b xxu||||| |||| 00| 0 eng d
020
_a
0256019894
041
_a
eng
080
_a
33
100
_a
59
101
_a
BUS
245
_a
BUSINESS POLICY
_c
CHRISTENSEN.C.R
942
_2
udc
_c
BK
999
_c
37001
_d
37001